Estadísticas para Equipos con más titulos

Haz click aquí para intentar la prueba.

Estadísticas generales

  • Esta prueba ha sido intentada 69 veces
  • La puntuación promedio es 7 de 15

Estadísticas de respuestas

Nº de títulosRespuesta% Correcto
92REAL MADRID
100%
91BARCELONA
95%
68JUVENTUS
68%
110CELTIC
58%
85BENFICA
54%
115RANGERS
54%
77BAYERN MUNICH
51%
72AJAX
49%
70BOCA JUNIORS
48%
79PORTO
40%
127PEÑAROL
29%
146NACIONAL
26%
119AL AHLY
17%
78OLYMPIACOS
8%
81AL FAISALY
3%

Distribución de puntuación

Porcentaje por número respondido

Porcentaje de gente con cada puntuación

Historial de tus puntuaciones

No has intentado esta prueba.